Most Common Words In English Starting With I - Statistics

General Stats
  • This quiz has been taken 4,487 times
    4,473 since last reset
  • The average score is 45 of 127
Answer Stats
Word % Correct
I
100%
in
99%
is
95%
it
95%
ill
93%
if
88%
ice
80%
idea
78%
into
78%
ideal
71%
its
68%
important
63%
inside
63%
interest
59%
island
57%
interesting
55%
inform
54%
information
53%
inner
52%
international
50%
imagine
49%
image
47%
impress
46%
Indian
46%
include
45%
imagination
43%
increase
43%
invite
43%
illness
42%
importance
42%
introduction
42%
iron
42%
illegal
41%
interested
41%
internal
41%
invest
41%
issue
41%
impression
40%
indeed
39%
initial
39%
introduce
39%
identify
38%
impossible
38%
improve
38%
income
38%
item
38%
immediate
37%
imply
37%
identity
36%
ie
36%
ignore
36%
intelligence
36%
impact
35%
involve
35%
Irish
35%
Italian
35%
immediately
34%
insist
34%
itself
34%
Internet
33%
independent
31%
intention
31%
identification
30%
impressive
30%
improvement
30%
impose
29%
indicate
29%
industry
29%
initially
29%
implication
28%
inspire
28%
instead
28%
investment
28%
install
27%
instance
27%
insurance
27%
independence
26%
industrial
26%
innocent
26%
instruction
26%
intense
26%
illustrate
25%
increasing
25%
index
25%
indication
25%
investigation
25%
immigrant
24%
investigate
24%
immigration
23%
incredible
23%
infant
23%
infection
23%
injury
23%
institution
23%
including
22%
intend
22%
interpret
22%
investor
22%
involvement
21%
increased
20%
individual
20%
interview
20%
insight
19%
instrument
19%
invasion
19%
interaction
18%
incident
17%
involved
17%
incorporate
16%
influence
16%
interpretation
16%
Israeli
16%
intellectual
15%
intervention
15%
investigator
15%
Iraqi
15%
implement
14%
instructor
14%
inquiry
13%
inflation
12%
initiative
12%
Islamic
12%
increasingly
11%
institutional
11%
intensity
11%
ingredient
10%
incentive
9%
No matching quizzes found
Score Distribution
Percent of People with Each Score
Percentile by Number Answered
Your Score History
You have not taken this quiz since the last reset